| 000 | 01579nam a2200397 i 4500 | ||
|---|---|---|---|
| 003 | EG-GICUC | ||
| 005 | 20260121165813.0 | ||
| 008 | 260121s1980 fr |||f m||| 00| 0 Fre d | ||
| 040 |
_aEG-GICUC _bfre _cEG-GICUC _dEG-GICUC _erda |
||
| 041 | 0 |
_afre _bfre _dfre |
|
| 049 | _aDévouement | ||
| 082 | 0 | 4 |
_a341.8 _221 |
| 097 | _aDoctorat | ||
| 099 | _aLaw 12 PHD 1980 | ||
| 100 | 1 |
_aSabet Enayat Abdel-Hamid _eAuteur |
|
| 245 | 1 | 3 |
_aLes Conflits De Lois En Droit Public Et "Bilateralisme" / _cPar Enayat Abdel-Hamid Sabet ; Président Monsieyr Jean Vincent. |
| 264 | 0 |
_aLayon : _bUniversité Jean-Moulin (Lyon III) - Faculté de Droit , _c1980. |
|
| 300 |
_a263 Pages; _c24 Cm. |
||
| 336 |
_atext _2rda content |
||
| 337 |
_aComputer _2rda media |
||
| 338 |
_aOnline Resource _2rda carrier |
||
| 500 | _aLettres en un seul exemplaire | ||
| 500 | _aFR | ||
| 502 | _aThèse Doctorat - Université Jean-Moulin (Lyon III) , Faculté de Droit , Département de droit international privé , 1980. | ||
| 504 | _aComprend des références bibliographiques. | ||
| 546 | _aTexte en français | ||
| 650 | 0 | 4 | _aDroit international privé |
| 653 | 0 | _a. | |
| 655 | 4 |
_aThèses universitaires _zUniversité Jean-Moulin (Lyon III) _xDroit international privé |
|
| 700 | 1 |
_aVincent Jean _eAnnotateur |
|
| 710 | 2 |
_aUniversité Jean-Moulin (Lyon III). _bFaculté de droit |
|
| 856 | _uhttps://fll.law.cu.edu.eg/fulltext/th/T12-00430.pdf | ||
| 900 |
_b1980 _UUniversité du Caire _FFaculté de droit _DDépartement de droit international |
||
| 905 | _a64 | ||
| 942 |
_2ddc _cTH _e21 _n0 |
||
| 999 | _c58514 | ||